000 00332 a2200145 4500
001 59904
020 _a8575567047
040 _cAnchieta - Pituba
100 _aOliveira, Luciano Dias
240 1 0 _aA princesa de Babilônia
_lpor
245 1 0 _aA princesa de Babilônia
300 _a93
650 4 _aFicção francesa
942 _cBK
999 _c59904
_d59904